000 03013cam a22006614i 4500
003 PE-LiUPU
005 20250731170500.0
008 150616s1994 mx rb 000 0 spa d
020 _a9684441738
035 _a(Sirsi) i9789684441736
040 _aPE-LiUPU
_bspa
_cPE-LiUPU
_erda
049 _aPRUA
082 0 4 _a107
_bR74
_221
100 1 _aRodríguez Patiño, Joel,
_eautor.
245 1 0 _aCurso de Filosofía /
_cJoel Rofríguez Patiño.
264 1 _aMéxico :
_bAlhambra Mexicana, S.A.,
_c1994.
300 _a226 páginas ;
_c23 centímetros
336 _atext
_2rdacontent
337 _aunmediated
_2rdamedia
338 _avolume
_2rdacarrier
504 _aBibliografía al pie de páginas.
505 0 _aIntroducción a la filosofía -- El saber prefilosófico -- El saber filosófico.- Naturaleza - Aristóteles -- Tomás de Aquino -- El tiempo y el espacio -- El origen de la vida - Antropología -- El hombre en la filosofía clásica -- Descartes mirando hacia el futuro con su hombre máquina -- El hombre en el pensamiento filosófico a partir del siglo XVII hasta nuestros días - Hegel -- Soren Kierkegaard -- El problema del conocimiento -- Filosofía de la historia -- La historia en José Vasconcelos - Dios -- Conclusión.
526 _aSEG68
526 _aSEG70
526 _aSEG69
526 _aSEG67
526 _aSEG43
526 _aP144
526 _aP143
526 _aP131
526 _aP122
526 _aP120
526 _aP117
526 _aP112
526 _aP110
526 _aP106
526 _aP101
526 _aP80
526 _aP59
526 _aP54
526 _aP35
526 _aP33
526 _aP30
650 0 4 _aFilosofía
_xEnseñanza.
910 _ajck
_bjvq
_cjck
942 _2ddc
_cBOOK
949 _a107 R74
_wDEWEY
_c1
_i43135
_lCCODEBUL1
_mBUL
_r0
_sY
_tBOOK
_u2015-6-16
_xTEOLOGIA
_zUNKNOWN
_0COMPRA
_o.STAFF. Colección General
949 _a107 R74
_wDEWEY
_c2
_i37464
_lCCODEBUL1
_mBUL
_r0
_sY
_tBOOK
_u2015-4-23
_xTEOLOGIA
_zUNKNOWN
_0COMPRA
_o.STAFF. Colección General
949 _a107 R74
_wDEWEY
_c3
_i38376
_lCCODEBUL1
_mBUL
_r0
_sY
_tBOOK
_u2015-4-23
_xTEOLOGIA
_zUNKNOWN
_0COMPRA
_o.STAFF. Colección General
994 _aC0
_bPEPRU
596 _a1
999 _a107 R74
_wDEWEY
_c61091
_i43135
_d61091
_e2018-5-20
_f2021-11-4
_g5
_lCCODEBUL1
_mBUL
_n3
_p25.00
_q1
_r0
_sY
_tBOOK
_u2015-6-16
_xBIBLIOTECA
_zUNKNOWN
_0COMPRA
_o.STAFF. Colección Teología
999 _a107 R74
_wDEWEY
_c2
_i37464
_d2019-5-26
_e2019-5-17
_f2021-11-4
_g5
_lCCODEBUL1
_mBUL
_n2
_p25.00
_r0
_sY
_tBOOK
_u2015-4-23
_xBIBLIOTECA
_zUNKNOWN
_0COMPRA
_o.STAFF. Colección Teología
999 _a107 R74
_wDEWEY
_c3
_i38376
_d2019-9-1
_e2017-4-20
_f2021-11-4
_g5
_lCCODEBUL1
_mBUL
_n1
_p25.00
_q1
_r0
_sY
_tBOOK
_u2015-4-23
_xBIBLIOTECA
_zUNKNOWN
_0COMPRA
_o.STAFF. Colección Teología
980 _81
_gALBERTO SANCHEZ Responsable de Automatización